| 000 | 01153naa a22003257a 4500 | ||
|---|---|---|---|
| 001 | BR7405618 | ||
| 003 | BR-BrBNA | ||
| 005 | 20240918173639.0 | ||
| 007 | ta | ||
| 008 | 230509b bl.||||| |||| 00| 0 por d | ||
| 040 |
_aBR-BrBNA _bpor _cBiblioteca Nacional de Agricultura |
||
| 041 | _a(Pt) | ||
| 072 |
_aE70 _b0430 _bG514 |
||
| 090 | _aE70 BR7405618 | ||
| 100 | 1 | _aNazareth, C. de S. | |
| 111 | 1 |
_aConferencia Nacional Algodoeira _cSao Paulo, SP (Brazil) _d23 Apr 1935 |
|
| 245 | 1 | _aUtilidade das Bolsas. O algodao e a Bolsa de Mercadorias de Sao Paulo [Gossypium spp; Mercado nacional; Brsil] | |
| 260 | 3 |
_aSao Paulo, SP (Brasil): _c1935. |
|
| 500 | _aAnnaes da Conferencia Nacional Algodoeira Sao Paulo, SP (Brasil): 1935. v. 3 p. 119-131 (BR7405618-AM)E70 | ||
| 650 | _aComercializacao | ||
| 650 | _aAlgodao | ||
| 650 | _aCirculacao de mercadoria | ||
| 650 | _aMercado nacional | ||
| 650 | _aOferta | ||
| 650 | _aPreco | ||
| 650 | _aSao Paulo | ||
| 773 | 0 |
_tAnnaes da Conferencia Nacional Algodoeira _wE70 BR7405618 _gSao Paulo, SP (Brasil), 1935. v. 3 p. 119-131 |
|
| 909 |
_a202404 _bLucia _c55 _dLucia Elande |
||
| 942 |
_cAM _2AGRIS |
||
| 999 |
_c305953 _d305953 |
||